LEADER 01173nam0-2200433---450- 001 990003767030403321 005 20060509160134.0 035 $a000376703 035 $aFED01000376703 035 $a(Aleph)000376703FED01 035 $a000376703 100 $a20030910d1975----km-y0itay50------ba 101 0 $aita 102 $aIT 105 $ay-------001yy 200 1 $a<>famiglia nella societą contemporanea$fChiara Saraceno 210 $aTorino$cLoescher$d© 1975 215 $a252 p.$d19 cm 225 1 $aScienze sociali$v13 610 0 $aFamiglia$aSociologia 610 0 $aFamiglia$aSec. 20. 676 $a306.85 676 $a306.8 700 1$aSaraceno,$bChiara$f<1942- >$0367963 801 0$aIT$bUNINA$gRICA$2UNIMARC 901 $aBK 912 $a990003767030403321 952 $a306.85 SAR 1$b1044$fBFS 952 $aCOLL.290(13)$bBibl.3697$fFLFBC 952 $aCOLLEZ. 247 (13)$b9225$fFSPBC 952 $a15430 SAR$b11139$fSES 952 $aXI G S 4$b6050$fDFD 959 $aBFS 959 $aFLFBC 959 $aFSPBC 959 $aSES 959 $aDFD 996 $aFamiglia nella societa contemporanea$9498925 997 $aUNINA LEADER 01896oam 2200493M 450 001 9910716414303321 005 20200213070555.4 035 $a(CKB)5470000002522006 035 $a(OCoLC)1065904214 035 $a(OCoLC)995470000002522006 035 $a(EXLCZ)995470000002522006 100 $a20071213d1926 ua 0 101 0 $aeng 135 $aurcn||||||||| 181 $ctxt$2rdacontent 182 $cc$2rdamedia 183 $acr$2rdacarrier 200 10$aRelief of certain citizens of Eagle Pass, Tex. December 21, 1926. -- Committed to the Committee of the Whole House on the State of the Union and ordered to be printed 210 1$a[Washington, D.C.] :$c[U.S. Government Printing Office],$d1926. 215 $a1 online resource (3 pages) 225 1 $aHouse report / 69th Congress, 2nd session. House ;$vno. 1644 225 1 $a[United States congressional serial set] ;$v[serial no. 8688] 300 $aBatch processed record: Metadata reviewed, not verified. Some fields updated by batch processes. 300 $aFDLP item number not assigned. 606 $aClaims 606 $aLand titles 606 $aLand titles$xRegistration and transfer 606 $aMilitary reservations 606 $aTrusts and trustees 608 $aLegislative materials.$2lcgft 615 0$aClaims. 615 0$aLand titles. 615 0$aLand titles$xRegistration and transfer. 615 0$aMilitary reservations. 615 0$aTrusts and trustees. 701 $aWurzbach$b Harry McLeary$f1874-1931$pRepublican (TX)$01386829 801 0$bWYU 801 1$bWYU 801 2$bOCLCO 801 2$bOCLCQ 906 $aBOOK 912 $a9910716414303321 996 $aRelief of certain citizens of Eagle Pass, Tex. December 21, 1926. -- Committed to the Committee of the Whole House on the State of the Union and ordered to be printed$93471273 997 $aUNINA